Origines de mes amis - Statistiques

Statistiques générales
  • Ce quiz a été pris 32 fois
  • Le résultat moyen est 5 sur 15
Statistiques - réponses
Prénoms Origine % Correct
Alexis Francais
84%
Behri Algérien
77%
Meissa Marocain
77%
Bilel Tunisien
65%
Mehdi Espagnol
58%
Amine Belge
55%
Arthur Suisse
52%
Mouhamed Sénégal
26%
Alix Canada
10%
Nathan Arménien
3%
Aymeric Malgache
3%
Lana Venezuela
3%
Lilian Guadeloupéen
0%
Samy Kabyle
0%
Jules Togolais
0%
Aucun quiz correspondant
Distribution des résultats
% des personnes avec chaque résultat
Percentile par nombre de réponses
Votre historique - résultats
Vous n’avez pas pris ce quiz